Luke : (Record no. 7837)

MARC details
000 -LEADER
fixed length control field 01171cam a22002657a 4500
001 - CONTROL NUMBER
control field 2920631
003 - CONTROL NUMBER IDENTIFIER
control field GBCCL
005 - DATE AND TIME OF LATEST TRANSACTION
control field 20241126110637.0
008 - FIXED-LENGTH DATA ELEMENTS--GENERAL INFORMATION
fixed length control field 881220s1988 enk 000 0 eng
010 ## -
-- 88213347
020 ## - INTERNATIONAL STANDARD BOOK NUMBER
International Standard Book Number 0851118208
020 ## - INTERNATIONAL STANDARD BOOK NUMBER
International Standard Book Number 0802804195 (Eerdmans)
040 ## - CATALOGING SOURCE
Original cataloging agency DLC
Transcribing agency DLC
Modifying agency DLC
050 00 -
-- MLCS 91/06092 (B)
082 ## - DEWEY DECIMAL CLASSIFICATION NUMBER
Classification number 225.7
Item number TYN
100 1# - MAIN ENTRY--PERSONAL NAME
Personal name Morris, Leon,
Dates associated with a name 1914-2006.
9 (RLIN) 4795
245 10 - TITLE STATEMENT
Title Luke :
Remainder of title an introduction and commentary /
Statement of responsibility, etc. by Leon Morris.
260 ## - PUBLICATION, DISTRIBUTION, ETC.
Place of publication, distribution, etc. Leicester, England :
Name of publisher, distributor, etc. Inter-Varsity Press ;
Date of publication, distribution, etc. 1974.
300 ## - PHYSICAL DESCRIPTION
Extent 350p. ;
Dimensions 20 cm.
440 #4 - SERIES STATEMENT/ADDED ENTRY--TITLE
Title The Tyndale New Testament commentaries ;
Volume/sequential designation 3
9 (RLIN) 13694
505 ## - FORMATTED CONTENTS NOTE
Formatted contents note v.1 Matthew.-- v.2 Mark.-- v.3 Luke.-- v.4 John.-- v.5 Acts.-- v.6 Romans.-- v.7 I Corinthians.-- v.8 II Corinthians.-- v.9 Galatians.-- v.10 Ephesians.-- v.11 Philippians.-- v.12 Colossians and Philemon.-- v.13 I,II Thessalonians.-- v.14 Pastoral Epistles.-- v.15 Hebrews.-- v.16 James.-- v.17 I Peter.-- v.18 II Peter, Jude.-- v.19 I, II,III John.-- v.20 Revelation.
906 ## - LOCAL DATA ELEMENT F, LDF (RLIN)
a 7
b cbc
c orignew
d 3
e ncip
f 19
g y-gencatlg
942 ## - ADDED ENTRY ELEMENTS (KOHA)
Source of classification or shelving scheme Dewey Decimal Classification
Koha item type Books
Koha issues (borrowed), all copies 2
Holdings
Withdrawn status Lost status Source of classification or shelving scheme Damaged status Not for loan Home library Current Library Shelving location Date acquired Total checkouts Full call number Barcode Date last seen Date last checked out Copy number Price effective from Koha item type
    Dewey Decimal Classification     GRACE BIBLE COLLEGE GRACE BIBLE COLLEGE Biblical Studies 2018-10-10 1 225.7 TYN 004140 2025-05-01 2025-02-12 v.3 2018-10-10 Books
    Dewey Decimal Classification     GRACE BIBLE COLLEGE GRACE BIBLE COLLEGE Biblical Studies 2018-10-10 5 225.7 TYN 004141 2025-05-01 2025-01-24 v.3 c.2 2018-10-10 Books
    Dewey Decimal Classification     GRACE BIBLE COLLEGE GRACE BIBLE COLLEGE Biblical Studies 2018-10-10 1 225.7 TYN 004149 2025-05-01 2025-01-24 v.3 c.3 2018-10-10 Books
© Grace Bible College Library 2025